[Event "FIDE Online Steinitz Memorial Open"]
[Site "Internet"]
[Date "2020.05.17"]
[Round "17"]
[White "Le, Quang Liem"]
[Black "Grischuk, Alexander"]
[Result "1/2-1/2"]
[WhiteElo "2690"]
[BlackElo "2765"]
[Annotator "TA"]
[PlyCount "142"]
[EventDate "2020.05.15"]
[EventType "tourn"]
[SourceTitle "playchess.com"]
[Source "ChessBase"]
[SourceQuality "1"]

{[%evp 20,142,46,45,35,35,42,45,54,52,64,32,30,21,91,60,65,59,65,46,75,55,64,57,71,56,68,39,50,43,227,128,505,505,570,572,613,598,1028,976,1270,1280,1153,222,214,213,218,214,196,171,166,126,115,117,118,120,113,118,103,107,117,107,159,-15,0,0,0,0,0,0,0,0,0,0,0,0,0,0,0,0,0,0,0,0,0,0,0,0,0,0,0,0,0,0,0,0,0,0,0,0,0,0,0,0,0,0,0,0,0,0,0,0,0,0,0,0,0,0,0,0,0,0,0,0,0]} 1. Nf3 Nf6 2. c4 g6 3. Nc3 Bg7 4. e4 d6 5. d4 O-O 6. h3 e5 7. d5 a5 8. g4 Na6 9. Be3 Nc5 10. Nd2 c6 11. Be2 a4 {E92: King's Indian: Classical: 6 Be2 e5: 7 dxe5, 7 Be3 and Petrosian System without 7...Nbd7.} 12. g5 Ne8 13. h4 Qa5 {White is slightly better.} 14. a3 f5 15. f3 Bd7 {[#]} 16. h5 $146 ({Predecessor:} 16. O-O Rf7 17. exf5 gxf5 18. Rc1 Nc7 19. Kh2 N7a6 20. f4 Raf8 21. Rg1 Qd8 22. Nf1 exf4 23. Bxf4 {0-1 (61) Rubio Mejia,L (2457)-Valles Moreno,I (2427) Madrid 2015}) 16... f4 (16... Nc7 $11 {keeps the balance.}) 17. Bf2 gxh5 18. Rxh5 Rf7 19. Qc2 Bf8 20. O-O-O Nc7 21. Kb1 Rg7 22. Rdh1 Be8 23. Rh6 Bg6 24. Qd1 cxd5 $2 ({Better is} 24... Be7 $14) 25. cxd5 (25. Nxd5 Nxd5 26. cxd5 b5 $11) ({White should play} 25. Bxc5 $18 {Hoping for Bb4.} Qxc5 26. cxd5) 25... b5 $2 {[%mdl 8192]} (25... Re8 $16 {is more resistant.} 26. Nc4 Qa7) 26. Bxc5 $1 $18 dxc5 {[#]} 27. d6 $1 {[%mdl 512]} Ne6 (27... Bxd6 28. Nc4) 28. Bxb5 Nd4 29. Nc4 {[%mdl 64] Double Attack} Qd8 30. Nxe5 {And now Bc4+ would win.} Nxb5 31. Qd5+ $2 (31. Nxb5 Raa7 32. Rxg6) 31... Bf7 32. Nxf7 {Ne5+ would kill now.} (32. Qxc5 Nxd6 33. g6 Bxg6 $11) 32... Nxc3+ 33. bxc3 {White wants to mate with Ne5+.} Qb6+ 34. Ka1 {Threatening mate with Ne5+.} Qb3 35. Ne5+ ({Inferior is} 35. Qxa8 Qxc3+ 36. Kb1 Qd3+ 37. Kc1 Qc3+ 38. Kb1 Qb3+ 39. Ka1 Qxa3+ 40. Kb1 Qb4+ 41. Kc1 Qa3+ 42. Kd2 (42. Kb1 Qb4+ 43. Kc1 Qc3+ 44. Kd1 Qxf3+ 45. Kd2 Qf2+ 46. Kc1 Qe3+ 47. Kb2 Qb3+ 48. Ka1 Qa3+ 49. Kb1 Qd3+ 50. Ka1 Rxf7 $11) 42... Qb2+ 43. Ke1 Qc1+ 44. Kf2 Qe3+ 45. Kg2 Qe2+ 46. Kg1 Rxf7 $11) 35... Qxd5 36. exd5 {g6 is the strong threat.} Rxg5 37. Re6 {Strongly threatening d7.} ({But not} 37. Rxh7 $2 Rxe5 38. Rh8+ Kg7 $19) 37... Bxd6 38. Ng4 ({Much weaker is} 38. Rxd6 $6 Rxe5 39. Rh4 Rb8 $11) 38... Bf8 39. Nf6+ {[%mdl 64] Double Attack} Kf7 40. Rxh7+ Bg7 {[#]} (40... Rg7 $142) 41. Rc6 $2 (41. Nh5 $1 $16) 41... Rb8 {The position is equal.} 42. Ng4 Kg8 43. Rh2 $1 Bxc3+ 44. Ka2 Rxd5 {aiming for ...Rd1.} 45. Nf6+ Bxf6 $1 46. Rxf6 $11 {[%mdl 4096] Endgame KRR-KRR} Rg5 47. Rxf4 Rf8 48. Rh8+ (48. Rxa4 {keeps more tension.} Rxf3 49. Re2 Kf7 50. Ra7+ Kg6 51. Ra6+) 48... Kxh8 49. Rxf8+ {KR-KR} Kg7 50. Rf4 Rg2+ 51. Kb1 Rf2 52. Rxa4 Rxf3 53. Kb2 Kf6 54. Rc4 Ke6 55. Rxc5 Kd6 56. Rc2 Rf5 57. Kb3 Rc5 58. Rh2 Kc6 59. Kb4 {White threatens Rh6+ and mate.} Rc1 60. Rh6+ Kb7 61. a4 Rg1 62. Rh7+ Ka6 63. Rh4 Rg2 64. Rh6+ Ka7 65. Rh5 Ka6 66. Rh6+ Ka7 67. a5 Rg4+ 68. Kb5 Rg5+ 69. Kb4 Rg4+ 70. Kb5 Rg5+ 71. Kb4 Rg4+ {Black defended with fortune. Accuracy: White = 82%, Black = 78%.} 1/2-1/2

[Event "FIDE Online Steinitz Memorial Open"]
[Site "Internet"]
[Date "2020.05.17"]
[Round "17"]
[White "Korobov, Anton"]
[Black "Xiong, Jeffery"]
[Result "0-1"]
[WhiteElo "2667"]
[BlackElo "2724"]
[Annotator "TA"]
[PlyCount "78"]
[EventDate "2020.05.15"]
[EventType "tourn"]
[SourceTitle "playchess.com"]
[Source "ChessBase"]
[SourceQuality "1"]

{[%evp 28,78,33,28,57,44,49,43,47,53,112,99,107,91,158,64,84,14,13,11,8,6,12,12,31,14,8,0,19,18,177,179,179,0,0,0,0,0,0,0,0,-104,8,-11,-11,-212,29983,645,616,616,479,53,58]} 1. d4 Nf6 2. c4 c5 3. d5 b5 4. cxb5 a6 5. bxa6 g6 6. Nc3 Bxa6 7. Nf3 Bg7 8. e4 Bxf1 9. Kxf1 d6 10. g3 O-O 11. Kg2 Nbd7 12. h3 Qb6 13. Re1 Ne8 14. Re2 Nc7 15. Bg5 Rfe8 {A59: Benko/Volga Gambit: White castles by hand.} 16. Rc1 Nb5 17. Nxb5 Qxb5 18. b3 {[#]} e6 $146 ({Black should play} 18... h6 $14 19. Be3 Nf6) ({Predecessor:} 18... h6 19. Bf4 Reb8 20. Rcc2 Rc8 21. h4 Qb7 22. Nd2 Ne5 23. Bxe5 Bxe5 24. Nc4 Bd4 {1-0 (52) Barbot,P (2465)-Frantz,N (1920) Pau 2015}) 19. dxe6 $16 Rxe6 20. Bf4 Nf6 (20... Bf8 $142) 21. a4 (21. Ng5 $16 Ree8 22. Bxd6) 21... Qb7 $14 22. Ng5 (22. e5 $1 $16 {[%cal Re5f6]} Nd5 23. Rd2 Nxf4+ 24. gxf4) 22... Ree8 $11 23. Qxd6 h6 24. Nf3 {Hoping for e5.} Nxe4 25. Qd3 {next Qb5 is good for White.} Rad8 26. Qb5 Qa8 $1 27. Rce1 Re6 {Strongly threatening ...Nc3.} 28. Qc4 {[%cal Re2e4]} Bd4 $2 (28... Rde8 $11) 29. Bxh6 $18 Rde8 30. b4 $2 ({And not} 30. Nxd4 Nd6+ 31. f3 Nxc4 $11) (30. Qc2 $18) 30... g5 $11 31. bxc5 (31. b5 {keeps more tension.} Rxh6 32. Nxd4 cxd4 33. f3 Rc8 34. Qxd4 Nc5 35. b6) 31... Bxf2 $1 32. Rxf2 Nxf2 33. Rxe6 Rxe6 34. Bxg5 (34. Kxf2 $11 Rxh6 35. Qg4 (35. Nxg5 Rf6+ 36. Kg1 Qb8 $11)) 34... Nd1 (34... Nxh3 $1 $17 35. Bd2 Ng1 $1 {[%mdl 576] Pin} 36. Qg4+ Rg6) 35. Qg4 {White wants to mate with Bf6+.} Re2+ 36. Kg1 $2 (36. Kf1 $1 $11 Nf2 37. Qc4) 36... Kf8 $4 {[%mdl 8192]} (36... Nf2 $19 37. Qf5 {[#]} Nxh3+ $1 {[%mdl 512]} 38. Kh1 Qxa4 39. Qc8+ Re8) 37. Bh6+ (37. Qh4 $142 Rg2+ {[%mdl 64] Decoy} 38. Kxg2 Ne3+ 39. Kg1 f6 40. Qh8+ {[%mdl 64] Double Attack} Kf7 41. Qxf6+ Kg8 42. Qe6+ {[%mdl 64] Double Attack} Kg7 43. Bf6+ Kh6 44. Be5+ Kh5 45. g4+ Nxg4 46. hxg4#) 37... Ke7 $18 38. Qg5+ Kd7 39. Qf5+ $2 (39. Ne5+ $18 Rxe5 40. Qxe5) 39... Ke8 {[%mdl 32768] Accuracy: White = 49%, Black = 59%. . Sensor Board Error (Ke4/e5)?} 0-1

[Event "FIDE Online Steinitz Memorial Open"]
[Site "Internet"]
[Date "2020.05.17"]
[Round "18"]
[White "Grischuk, Alexander"]
[Black "Mamedyarov, Shakhriyar"]
[Result "1-0"]
[WhiteElo "2765"]
[BlackElo "2716"]
[Annotator "TA"]
[PlyCount "67"]
[EventDate "2020.05.15"]
[EventType "tourn"]
[SourceTitle "playchess.com"]
[Source "ChessBase"]
[SourceQuality "1"]

{[%evp 20,67,36,22,34,22,27,17,18,13,14,16,15,20,34,14,56,62,56,50,63,0,9,13,14,5,14,15,6,0,0,0,0,0,0,0,-2,0,0,-10,0,0,19,0,0,0,529,173,541,532]} 1. d4 d5 2. c4 dxc4 3. e3 Nf6 4. Bxc4 e6 5. Nf3 c5 6. O-O a6 7. dxc5 Bxc5 8. Qxd8+ Kxd8 9. Ne5 Ke7 10. Be2 Rd8 11. Nd2 Kf8 {D27: Queen's Gambit Accepted: Classical main line: 7 e4!? and 7 a4.} 12. Nb3 Be7 13. Bd2 Nbd7 {The position is equal.} 14. Nc4 b6 {[#]} 15. Rfd1 $146 ({Predecessor:} 15. Bf3 Ra7 16. Nd4 Bb7 17. Rfd1 Bxf3 18. gxf3 Rc8 19. b3 Ne8 20. Be1 g6 21. f4 Nef6 22. Nf3 Rac7 23. Nfe5 Rb8 {½-½ (23) Wichmann,C (2360)-Donchenko,A (2476) Dresden 2013}) 15... Bb7 16. f3 Rac8 17. e4 a5 18. Be3 Ba6 19. Rac1 a4 20. Nbd2 (20. Nd4 $14) 20... Ne5 $36 {[%mdl 2048] [#] ...Bxc4 is the strong threat. Black is more active.} 21. Bxb6 Rxd2 $1 22. Nxd2 Rxc1 23. Rxc1 Bxe2 24. Rc8+ Ne8 25. Bc5 Bxc5+ 26. Rxc5 Nd3 27. Rb5 Nd6 28. Rb8+ Ke7 29. b3 axb3 30. Nxb3 Ne5 31. Nd4 Bc4 32. a4 Nd7 $2 {[%mdl 8192] [#]} (32... Kd7 $11) 33. Nc6+ $1 $18 Kf6 34. Rd8 {Accuracy: White = 95%, Black = 91%.} 1-0

[Event "FIDE Online Steinitz Memorial Open"]
[Site "Internet"]
[Date "2020.05.17"]
[Round "18"]
[White "Bu, Xiangzhi"]
[Black "Le, Quang Liem"]
[Result "1-0"]
[WhiteElo "2760"]
[BlackElo "2690"]
[Annotator "TA"]
[PlyCount "49"]
[EventDate "2020.05.15"]
[EventType "tourn"]
[SourceTitle "playchess.com"]
[Source "ChessBase"]
[SourceQuality "1"]

{[%evp 22,49,25,12,61,75,190,201,212,208,222,221,220,114,273,272,283,152,225,216,278,205,359,352,318,294,582,594,910,908]} 1. Nf3 Nf6 2. c4 c5 3. g3 b6 4. Bg2 Bb7 5. O-O e6 6. Nc3 Be7 7. d4 cxd4 8. Qxd4 d6 9. Rd1 a6 10. Ng5 Bxg2 11. Kxg2 O-O 12. Nce4 {Hoping for Nxf6+.} Ne8 {was the old line (12...Nc6). A30: Symmetrical English: Double Fianchetto and Hedgehog.} 13. Qd3 {[#] And now Nxh7! would win.} h6 $146 {[#]} (13... g6 $16) ({Predecessor:} 13... g6 14. Nf3 f5 15. Neg5 Qc8 16. Qe3 e5 17. Qb3 Bxg5 18. c5+ Kh8 19. Bxg5 bxc5 20. Be7 {1-0 (32) Bu,X (2670)-Papin,V (2570) Guimaraes 2012}) 14. Nh7 $1 $18 {[%mdl 512]} Nc6 {White is clearly better.} (14... Kxh7 15. Ng5+) 15. Nxf8 $40 {[%mdl 128] Black is in trouble.} Bxf8 16. Bf4 Ra7 17. Qf3 (17. Bxd6 Nxd6 18. Nxd6 Rd7 $16) ({Stronger than} 17. Nxd6 Nxd6 18. Bxd6 Rd7 $11) (17. f3 $18) 17... Qc7 $2 (17... g5 $16) 18. Rac1 {c5! is the strong threat.} f5 19. Nc3 (19. c5 $18 fxe4 20. Qxe4) 19... Qc8 (19... g5 $16 {was worth a try.}) 20. h4 Rd7 21. e4 {Threatens to win with exf5.} g6 $2 (21... Rf7 {was necessary.} 22. Kg1 Ne7) 22. exf5 gxf5 23. Qh5 Kh7 $2 {[#]} (23... Rf7 24. Bxh6 Ne5 25. Bxf8 Kxf8) 24. Nd5 $1 {[%mdl 512]} Rb7 {[#]} (24... exd5 25. Qxf5+) 25. Qxe8 $1 {[%mdl 576] Remove Defender. White took control after the opening. Accuracy: White = 65%, Black = 14%.} 1-0

[Event "FIDE Online Steinitz Memorial Open"]
[Site "Internet"]
[Date "2020.05.17"]
[Round "18"]
[White "Xiong, Jeffery"]
[Black "Carlsen, Magnus"]
[Result "1/2-1/2"]
[WhiteElo "2724"]
[BlackElo "2887"]
[Annotator "TA"]
[PlyCount "140"]
[EventDate "2020.05.15"]
[EventType "tourn"]
[SourceTitle "playchess.com"]
[Source "ChessBase"]
[SourceQuality "1"]

{[%evp 14,140,6,0,7,13,13,14,45,14,18,4,15,6,0,8,2,9,5,-23,-12,-44,-35,-77,-26,-47,-10,-11,-10,-8,-5,-4,0,0,0,0,0,0,30,-25,-36,-22,7,13,10,0,0,0,0,5,24,37,36,43,34,41,34,35,246,243,209,70,110,110,117,120,113,115,115,112,150,140,168,182,159,174,167,159,171,15,66,0,184,184,184,184,180,0,0,0,1,0,0,0,0,0,0,0,0,0,0,0,0,0,0,0,0,0,0,0,0,0,0,0,0,0,0,0,0,0,0,0,0,0,0,0,0,0,0]} 1. d4 g6 2. Nf3 d6 3. e4 Nf6 4. Bd3 Bg7 5. O-O O-O 6. c3 c5 7. dxc5 dxc5 8. Qe2 Nc6 {B07: Pirc Defence: Miscellaneous Systems.} 9. h3 Qc7 10. Re1 b6 {[#]} 11. Na3 $146 ({Predecessor:} 11. e5 Nd5 12. a3 e6 13. c4 Nde7 14. Nc3 Ba6 15. Bg5 Rad8 16. Rad1 h6 17. Bf6 {0-1 (51) Hasangatin,R (2502)-Morozevich,A (2665) Serpukhov 2018}) 11... Nd7 12. Nc4 Bb7 13. Bg5 b5 $36 {[%mdl 2048] Black is more active.} 14. Ne3 {Nd5 is the strong threat.} c4 15. Bc2 e6 16. Ng4 h5 17. Ngh2 b4 18. Qxc4 bxc3 (18... a5 $17 {Hoping for ...Ba6.} 19. cxb4 axb4) 19. bxc3 $11 Rac8 20. Rab1 Nce5 21. Qxc7 Rxc7 22. Be7 Rfc8 23. Bd6 Rxc3 24. Rxb7 Rxc2 25. Rxa7 Rc1 26. Ba3 (26. Kf1 $142) 26... Rxe1+ 27. Nxe1 Nc5 28. Bxc5 Rxc5 29. Ra8+ Kh7 {Strongly threatening ...Rc1.} 30. Nhf3 Rc1 {Threatens to win with ...Nxf3+.} 31. Kh2 Bf6 32. g3 Nxf3+ 33. Nxf3 $14 {[%mdl 4096] Endgame KRB-KRN} Rc2 34. Kg2 Kg7 35. Ra7 g5 $2 (35... Kf8 $14) 36. e5 $18 Bd8 37. Rd7 (37. Nd4 $18 Rc7 38. Rxc7 Bxc7 39. a4) 37... Bb6 38. Rd2 (38. Nxg5 Rxf2+ 39. Kh1 Kg6 $15) 38... Rc5 39. Nxg5 Rxe5 40. h4 $1 Kg6 41. Rd7 f6 42. Nh3 $1 Ra5 43. Nf4+ Kf5 44. Rd2 ({Weaker is} 44. Nxh5 Rxa2 45. Kh3 Bxf2 $11) 44... Bc7 45. Nxh5 Kg6 {[#]} 46. g4 $2 (46. Rd7 $1 $18) 46... f5 (46... Ra4 $11) 47. f3 ({White should try} 47. Ng3 $14) 47... fxg4 $2 (47... Ra4 $11) 48. fxg4 Ra4 49. Kf3 Ra3+ {[#]} 50. Ke2 $2 (50. Ke4 $1 $18) 50... Ra4 $1 $11 {The position is equal.} 51. Rd7 (51. Kf3 {is interesting.}) 51... Rxg4 52. Rxc7 Kxh5 {KR-KR} 53. Kd3 Ra4 54. Rc2 e5 55. Re2 Ra5 56. Kc4 Kxh4 57. Kb4 Rd5 58. Kc4 Ra5 59. Kb4 Ra8 60. a4 {[%cal Ba2a4,Ba4a5,Ba5a6,Ba6a7][%mdl 32]} Re8 61. a5 e4 62. a6 Kg3 63. Kc5 Kf3 64. Ra2 e3 65. a7 e2 66. Ra1 Ra8 {And now ...Rxa7! would win.} 67. Kb6 Kf2 68. Kb7 Rxa7+ 69. Kxa7 e1=Q 70. Rxe1 Kxe1 {Accuracy: White = 80%, Black = 79%.} 1/2-1/2

[Event "FIDE Online Steinitz Memorial Open"]
[Site "Internet"]
[Date "2020.05.17"]
[Round "18"]
[White "Dubov, Daniil"]
[Black "Svidler, Peter"]
[Result "1/2-1/2"]
[WhiteElo "2720"]
[BlackElo "2754"]
[Annotator "TA"]
[PlyCount "71"]
[EventDate "2020.05.15"]
[EventType "tourn"]
[SourceTitle "playchess.com"]
[Source "ChessBase"]
[SourceQuality "1"]

{[%evp 12,71,37,25,36,28,40,40,27,43,64,65,66,17,22,22,18,30,12,-33,-37,-42,-37,-53,-72,-83,-72,-79,-26,-56,-34,-33,-20,-26,0,-12,0,-8,0,0,0,-29,-8,-20,0,-5,0,0,0,0,0,0,0,0,0,0,0,-5,0,0,0,0]} 1. d4 d6 2. e4 Nf6 3. Nc3 g6 4. Nf3 Bg7 5. Bc4 O-O 6. O-O Nc6 7. d5 {7.Re1 is a critical line.} Nb8 {B08: Pirc Defence: Classical System.} 8. Re1 c6 {[#]} 9. Bg5 $146 ({Predecessor:} 9. a4 Bg4 10. h3 Bxf3 11. Qxf3 Nbd7 12. Bf1 Rc8 13. a5 a6 14. Be3 e6 15. dxe6 fxe6 {½-½ (66) Roos,D (2420)-Polzin,R (2445) Germany 1997}) 9... b5 {White is slightly better.} 10. Bb3 b4 11. Na4 Bb7 12. e5 dxe5 $1 {[%cal Rc6d5]} 13. Nc5 Qb6 14. Nxb7 {And now Bxf6 would win.} Qxb7 15. Nxe5 {[#] Black must now prevent d6.} Nxd5 16. Nxc6 Nxc6 17. Qxd5 {Rxe7! is the strong threat.} e6 18. Qf3 Bxb2 19. Rad1 Qc7 ({Black should try} 19... Qb5 $17 20. Qf4 Bg7) 20. h4 Nd4 21. Qe4 Nxb3 (21... Nf5 {feels hotter.} 22. g4 Nd6 23. Qf4 Nb5 24. Qxb4 Nd4) 22. cxb3 Bc3 23. Re3 Rac8 24. Red3 Qc6 25. Qxc6 Rxc6 26. Rd6 Rxd6 27. Rxd6 $11 {[%mdl 4096] Endgame KRB-KRB. The position is equal.} h5 28. Be3 a5 29. Ra6 Rd8 30. Rxa5 Rd1+ 31. Kh2 f6 32. g3 e5 33. Kg2 Kf7 34. Rc5 Bd4 35. Bxd4 Rxd4 36. Ra5 {Accuracy: White = 81%, Black = 96%.} 1/2-1/2

[Event "FIDE Online Steinitz Memorial Open"]
[Site "Internet"]
[Date "2020.05.17"]
[Round "18"]
[White "Anton Guijarro, David"]
[Black "Korobov, Anton"]
[Result "1-0"]
[WhiteElo "2590"]
[BlackElo "2667"]
[Annotator "TA"]
[PlyCount "75"]
[EventDate "2020.05.15"]
[EventType "tourn"]
[SourceTitle "playchess.com"]
[Source "ChessBase"]
[SourceQuality "1"]

{[%evp 9,75,20,35,22,30,32,29,15,28,23,39,38,37,33,39,53,43,45,45,43,39,32,36,31,30,28,64,21,61,61,72,15,100,100,113,114,117,0,0,0,0,0,0,0,0,-8,16,21,72,66,77,82,189,188,383,370,494,402,408,395,469,440,486,478,547,442,804,796]} 1. Nf3 Nf6 2. c4 c6 3. Nc3 d5 4. e3 a6 5. d4 Bf5 6. Bd3 {D15: Slav Defence: 4 Nc3 a6 and gambit lines after 4 Nc3 dxc4.} Bxd3 7. Qxd3 e6 8. O-O {White has an edge.} Bb4 9. a3 Ba5 10. b4 Bc7 11. e4 dxe4 12. Nxe4 Nxe4 13. Qxe4 {[#]} Nd7 $146 ({Predecessor:} 13... O-O 14. Bg5 Qd6 15. Rfe1 Nd7 16. Rad1 Rac8 17. g3 b5 18. Ne5 f6 19. c5 Qe7 20. Nxc6 {1-0 (45) Savina,A (2390)-Aranaz Murillo,A (2262) Linares 2013}) 14. Bg5 Nf6 15. Bxf6 Qxf6 16. d5 cxd5 17. cxd5 e5 18. Rae1 {[%cal Rf3e5]} O-O 19. Nxe5 Rad8 20. f4 (20. Nf3 $16) 20... Kh8 (20... Qd6 $11 {keeps the balance.}) 21. g3 $16 Rfe8 22. Kg2 Kg8 23. Re3 ({Better is} 23. Qd3 $16) 23... Qd6 $1 $11 {White must now prevent ...f6.} 24. Qf3 Qxd5 25. Qxd5 Rxd5 26. Rfe1 Rd2+ 27. Kh3 Re6 28. Nf3 $36 {[%mdl 2048] White is pushing.} Rdd6 (28... Rxe3 $11 29. Rxe3 Rd8) 29. Ng5 $16 Rxe3 30. Rxe3 $14 {[%cal Re3e8][%mdl 4096] Endgame KRB-KRN} Rd8 (30... Rh6+ $16 31. Kg4 Kf8) 31. Re7 $1 $18 {[%csl LRc7,LRf7][%mdl 64] [#] Double Attack} Bd6 $2 (31... Rc8) 32. Rxb7 Rf8 33. Rb6 Be7 34. Rxa6 h6 35. Nf3 {White is clearly winning.} Rd8 36. Ra7 Bf6 37. Ne5 g5 (37... Bxe5 $142 38. fxe5 Rb8) 38. Nxf7 {[%mdl 64] Double Attack. Accuracy: White = 85%, Black = 50%.} 1-0